000 00947cam a22003257a 4500
003 CHAP
005 20220817043552.0
008 990813d1999 it a rn 00110 eng d
010 _a78718
011 _a79690
020 _a9251042543
035 _a90076
040 _cCHAP
090 _aFolleto 15445
110 2 _aFAO
245 1 0 _aManual on the use of the lp-system in milk handling and preservation
_c/by FAO
260 _aRome :
_bFAO,
_c1999.
300 _a30 p.
590 _aBATCH-UPD
_b10
_c20130110
_lUCH01
_h0946
590 _aBATCH-UPD
_b10
_c20130410
_lUCH01
_h0601
590 _aBATCH-UPD
_b10
_c20130914
_lUCH01
_h1717
590 _aCONVERSION
_b10
_c20130109
_lUCH01
_h1344
650 1 4 _aLeche
_xCalidad.
_965362
650 1 4 _aLeche
_xConservación.
_965365
650 1 4 _aOrdeño.
_983427
901 _aBK
905 _aLilia Sánchez G.
942 _cFOLL
949 _aFolleto 15445
_bBC
_cFAO
_d900761
_eFAO1
_i90076
_kDonaciØn
_sb
999 _c78718
_d78718